000 00930nam a2200253 4500
999 _c82394
_d319671
001
003 OSt
005 20220911162108.0
008 150517s2014 jo f 000 0 ara c
020 _a9789957069681
040 _aMA-UN
_cMA-UN
082 0 4 _221
_a303.4833
_bم م ت
100 1 _aمزاهرة، منال هلال
_990517
245 1 0 _aتكنولوجيا الاتصال والمعلومات =
_bInformation & communication technologies /
_cمنال هلال المزاهرة.
246 3 1 _aInformation & communication technologies
250 _aط. 1.
260 _aعمان، الأردن :
_bدار المسيرة للنشر والتوزيع،
_c2014
_m1435.
300 _a448 ص. ؛
_c24 سم.
504 _aيشتمل على قائمة ببليوجرافية.
650 7 _aتكنولوجيا المعلومات
_9101265
650 7 _aأنظمة المعلومات
_9101266
942 _2ddc
_cBOOK
535 2 _a3